000 00568nam a2200217Ia 4500
005 20260429112139.0
008 260429s9999||||xx |||||||||||||| ||und||
020 _a9781394262809
041 _aEnglish
082 _a658.421
_bZAC
100 _aZacharakis. Andrew
245 0 _aEntrepreneurship /
_cZacharakis. Andrew
250 _a6th ed.
260 _aChennai :
_bWiley,
_c2025.
300 _axxi, 520 p.; pbk
650 _a Business models
650 _aEntrepreneurship
700 _a Bygrave, William D.
700 _a Corbett, Andrew C.
942 _cTB
999 _c52585
_d52585